<A> note on the reproduction of fixed capital in two-good techniques

Salvato in:
Dettagli Bibliografici
Autore principale: van Schaik, A.
Natura: Libro
Lingua:inglese
Pubblicazione: Tilburg Institute of Economics 1979
Tags: Aggiungi Tag
Nessun Tag, puoi essere il primo ad aggiungerne!!

MARC

LEADER 00000nam a2200000 4500
001 0222785
005 20240822101702.0
041 0 |a eng 
044 |a NL 
245 1 0 |a <A> note on the reproduction of fixed capital in two-good techniques  |c A. van Schaik 
264 1 |a Tilburg  |b Institute of Economics  |c 1979 
300 |a 29 s. 
100 1 |a van Schaik, A.